[Event "29. Cullera 2012 - Open B"]
[Site "Cullera ESP"]
[Date "2012.08.26"]
[Round "3.7"]
[White "Castillo Pla, Emilio"]
[Black "Oltra Landete, Fidel"]
[Result "1-0"]
[WhiteElo "1913"]
[BlackElo "2027"]
[PlyCount "124"]
[EventDate "2012.08.25"]
[EventType "swiss"]
[EventRounds "9"]
[EventCountry "ESP"]
[Source "lmi"]
[SourceDate "2012.08.25"]

1. e4 c6 2. d3 d5 3. Nd2 e5 4. Ngf3 Bd6 5. Be2 Nf6 6. c3 Nbd7 7. Qc2 Qb6 8. O-O
O-O 9. h3 Nh5 10. Re1 Nf4 11. Bf1 Qc7 12. g3 Ne6 13. Bg2 b6 14. Nh4 d4 15. Nc4
Be7 16. Nf5 Bf6 17. cxd4 Nxd4 18. Nxd4 exd4 19. Bf4 Be5 20. Nxe5 Nxe5 21. Bxe5
Qxe5 22. Qxc6 Ba6 23. f4 Qb5 24. Qxb5 Bxb5 25. Red1 Rac8 26. Rd2 Rc7 27. Kf2
Rfc8 28. Ke2 f6 29. Bf3 Rc5 30. Bg4 R8c7 31. Be6+ Kf8 32. Bb3 a5 33. a3 a4 34.
Bd5 Re7 35. Kf3 Rec7 36. Rad1 Rc1 37. Rxc1 Rxc1 38. Kg2 Ke7 39. Bg8 h6 40. Bd5
Kd6 41. Bf7 Kc5 42. Bh5 Kd6 43. Bf3 Bd7 44. h4 Be6 45. Bh5 Bb3 46. Bf3 b5 47.
Kf2 Kc5 48. Kg2 b4 49. axb4+ Kxb4 50. Bh5 Rc2 51. Re2 f5 52. e5 Bd5+ 53. Kf2
Kb3 54. Be8 Rc8 55. Bd7 Rc1 56. e6 Rh1 57. e7 Rh2+ 58. Ke1 Rh1+ 59. Kd2 Kxb2
60. e8=Q a3 61. Qb8+ Bb3 62. Rg2 Rc1 1-0

[Event "29. Cullera 2012 - Open B"]
[Site "Cullera ESP"]
[Date "2012.08.26"]
[Round "3.8"]
[White "Gonzalez Berruga, Ana Isabel"]
[Black "Benito Vicente, Jose Oscar"]
[Result "1-0"]
[WhiteElo "2003"]
[BlackElo "1904"]
[PlyCount "83"]
[EventDate "2012.08.25"]
[EventType "swiss"]
[EventRounds "9"]
[EventCountry "ESP"]
[Source "lmi"]
[SourceDate "2012.08.25"]

1. d4 Nf6 2. c4 c5 3. d5 e5 4. Nc3 d6 5. e4 Nbd7 6. g3 Be7 7. Bg2 O-O 8. Nge2
Ne8 9. O-O g6 10. Bh6 Ng7 11. f4 f5 12. b3 a6 13. a4 Rf7 14. Bxg7 Kxg7 15. Bh3
Qe8 16. Qc2 fxe4 17. Be6 Rf8 18. Nxe4 Nf6 19. fxe5 Nxe4 20. Qxe4 Bxe6 21. dxe6
Qc6 22. Qxc6 bxc6 23. exd6 Bxd6 24. Rad1 Rxf1+ 25. Kxf1 Be5 26. Rd7+ Kf6 27. e7
Re8 28. Ra7 Rxe7 29. Rxa6 Rc7 30. Kf2 Ke6 31. Rb6 Kd6 32. Ke3 g5 33. a5 Ra7 34.
a6 Kc7 35. Rb7+ Rxb7 36. axb7 Kxb7 37. Ke4 Bd6 38. Kf5 Be7 39. Nc3 Ka6 40. Ke6
Bd8 41. Kd7 Bf6 42. Ne4 1-0

[Event "29. Cullera 2012 - Open B"]
[Site "Cullera ESP"]
[Date "2012.08.26"]
[Round "3.9"]
[White "Llamazares Lopez, Marcos"]
[Black "Moll Domenech, Andreu"]
[Result "1-0"]
[WhiteElo "2002"]
[BlackElo "1874"]
[PlyCount "80"]
[EventDate "2012.08.25"]
[EventType "swiss"]
[EventRounds "9"]
[EventCountry "ESP"]
[Source "lmi"]
[SourceDate "2012.08.25"]

1. Nf3 Nf6 2. c4 e6 3. Nc3 d5 4. cxd5 exd5 5. d4 Be7 6. Bf4 c6 7. e3 O-O 8. Bd3
Bg4 9. Qb3 Qb6 10. Nd2 Nbd7 11. f3 Bh5 12. O-O Rac8 13. Rac1 Bd8 14. Nb5 Be7
15. Nd6 Bxd6 16. Bxd6 Rfe8 17. Qxb6 Nxb6 18. Kf2 Bg6 19. Be2 Re6 20. Bf4 Nh5
21. Be5 Nd7 22. f4 Nhf6 23. Ke1 Be4 24. g4 Nxe5 25. fxe5 Nd7 26. Nxe4 dxe4 27.
Bc4 Re7 28. Rf4 g5 29. Rf5 h6 30. Ke2 Kg7 31. Rcf1 Rf8 32. Rf6 Nb6 33. Bb3 Nd5
34. Rd6 Rc8 35. Rff6 Re6 36. Rdxe6 fxe6 37. Rxe6 Rf8 38. Bxd5 cxd5 39. Re7+ Rf7
40. Rxf7+ Kxf7 1-0

[Event "29. Cullera 2012 - Open B"]
[Site "Cullera ESP"]
[Date "2012.08.26"]
[Round "3.10"]
[White "Martinez Gil, Joaquin"]
[Black "Pallas I Garrido, Ernest Josep"]
[Result "1/2-1/2"]
[WhiteElo "1989"]
[BlackElo "1808"]
[PlyCount "88"]
[EventDate "2012.08.25"]
[EventType "swiss"]
[EventRounds "9"]
[EventCountry "ESP"]
[Source "lmi"]
[SourceDate "2012.08.25"]

1. e4 e6 2. Nf3 d5 3. exd5 exd5 4. d4 Bd6 5. Bd3 Ne7 6. O-O Bf5 7. Re1 Bxd3 8.
Qxd3 O-O 9. Nc3 c6 10. Ne2 Qc7 11. Ng3 Nd7 12. Re2 Rfe8 13. Bd2 Nf8 14. Rae1
Ne6 15. Ne5 Bxe5 16. Rxe5 Ng6 17. Rf5 Nef4 18. Rxe8+ Rxe8 19. Qf3 Ne6 20. Qc3
Nef4 21. Be3 h5 22. Qd2 h4 23. Nf1 Ne6 24. g3 hxg3 25. hxg3 Qd7 26. Rh5 Nef8
27. Qd1 Qe6 28. Qf3 Nd7 29. Rh2 Nf6 30. Nd2 Ng4 31. Rh1 Nxe3 32. fxe3 Qxe3+ 33.
Qxe3 Rxe3 34. Kf2 Re6 35. c4 dxc4 36. Nxc4 Ne7 37. Rd1 Nd5 38. Na5 Re7 39. a3
f5 40. Re1 Rxe1 41. Kxe1 Ne3 42. Ke2 Nd5 43. Nxb7 Kf8 44. Na5 Ne7 1/2-1/2

[Event "29. Cullera 2012 - Open B"]
[Site "Cullera ESP"]
[Date "2012.08.26"]
[Round "3.35"]
[White "Raimundo Medina, Fermin"]
[Black "Marques Serra, David"]
[Result "1-0"]
[WhiteElo "1781"]
[BlackElo "1738"]
[PlyCount "27"]
[EventDate "2012.08.25"]
[EventType "swiss"]
[EventRounds "9"]
[EventCountry "ESP"]
[Source "lmi"]
[SourceDate "2012.08.25"]

1. e4 e6 2. d4 d5 3. Bd3 c5 4. exd5 Qxd5 5. Nc3 Qxg2 6. Be4 Qxh1 7. Bxh1 Nf6 8.
Bf4 cxd4 9. Nb5 Na6 10. Nd6+ Bxd6 11. Bxd6 e5 12. Bxe5 O-O 13. Qxd4 Re8 14.
O-O-O 1-0

[Event "29. Cullera 2012 - Open B"]
[Site "Cullera ESP"]
[Date "2012.08.27"]
[Round "4.1"]
[White "Lara Granero, Bio"]
[Black "Perez Garcia, Jose Miguel"]
[Result "1-0"]
[WhiteElo "2045"]
[BlackElo "1967"]
[PlyCount "99"]
[EventDate "2012.08.25"]
[EventType "swiss"]
[EventRounds "9"]
[EventCountry "ESP"]
[Source "lmi"]
[SourceDate "2012.08.25"]

1. e4 c5 2. f4 e6 3. Nf3 Nc6 4. c3 d5 5. d3 dxe4 6. dxe4 Qxd1+ 7. Kxd1 Nf6 8.
Bd3 c4 9. Bc2 Bc5 10. Ke2 Nd7 11. b4 cxb3 12. axb3 O-O 13. Na3 b6 14. Nc4 Re8
15. Rd1 b5 16. Nd6 Bxd6 17. Rxd6 Ndb8 18. Be3 Bb7 19. Nd4 a6 20. Rd1 Ne7 21.
Nf3 Nbc6 22. Rd7 Rab8 23. Bc5 Ba8 24. Rc7 Rbc8 25. Rdd7 Rxc7 26. Rxc7 Rc8 27.
Rxe7 Nxe7 28. Bxe7 Rxc3 29. Kd2 Rc7 30. Bb4 f6 31. Ba5 Rc8 32. Ne1 Kf7 33. g3
h5 34. Bd3 h4 35. gxh4 Rh8 36. Nf3 Ke8 37. Ke3 f5 38. exf5 Bxf3 39. Kxf3 exf5
40. Bxf5 Rxh4 41. Kg3 Rh6 42. h4 Rf6 43. Kg4 Kf7 44. h5 Rc6 45. Bg6+ Kf8 46.
Bb4+ Kg8 47. Be4 Rf6 48. Kg5 Rh6 49. Bg6 Rh8 50. Kf5 1-0

[Event "29. Cullera 2012 - Open B"]
[Site "Cullera ESP"]
[Date "2012.08.27"]
[Round "4.2"]
[White "Davidovas Chananovas, Norman"]
[Black "Alcaraz Carcel, Antonio"]
[Result "0-1"]
[WhiteElo "1838"]
[BlackElo "2041"]
[PlyCount "68"]
[EventDate "2012.08.25"]
[EventType "swiss"]
[EventRounds "9"]
[EventCountry "ESP"]
[Source "lmi"]
[SourceDate "2012.08.25"]

1. e4 d5 2. exd5 Qxd5 3. Nc3 Qa5 4. d4 Nf6 5. Nf3 Bg4 6. Bb5+ c6 7. Be2 Nbd7 8.
Nd2 Bf5 9. Nb3 Qc7 10. Bd3 Bg6 11. Qf3 e6 12. Bf4 Bd6 13. Bxd6 Qxd6 14. h3 a5
15. Rd1 O-O 16. O-O a4 17. Nc1 Ra5 18. N1e2 Rd8 19. Ng3 Qb4 20. a3 Qxb2 21.
Bxg6 hxg6 22. Rb1 Qxa3 23. Rxb7 Qd6 24. Nge4 Nxe4 25. Nxe4 Qd5 26. c4 Qf5 27.
Qe3 Nf6 28. f3 e5 29. d5 cxd5 30. Qb6 Raa8 31. Nd6 Qe6 32. Rxf7 Qxd6 33. Qb7
Nd7 34. f4 e4 0-1

[Event "29. Cullera 2012 - Open B"]
[Site "Cullera ESP"]
[Date "2012.08.27"]
[Round "4.3"]
[White "Carcel Valero, Juan Antonio"]
[Black "Gonzalez Berruga, Ana Isabel"]
[Result "0-1"]
[WhiteElo "1947"]
[BlackElo "2003"]
[PlyCount "42"]
[EventDate "2012.08.25"]
[EventType "swiss"]
[EventRounds "9"]
[EventCountry "ESP"]
[Source "lmi"]
[SourceDate "2012.08.25"]

1. e4 c5 2. Nf3 d6 3. d4 cxd4 4. Nxd4 Nf6 5. Nc3 a6 6. Bc4 e6 7. Bb3 Be7 8. g4
h6 9. Be3 Nc6 10. h3 Qc7 11. Qe2 Bd7 12. a4 Qa5 13. O-O-O b5 14. axb5 Nxd4 15.
Bxd4 axb5 16. e5 dxe5 17. Bxe5 b4 18. Ne4 Qxe5 19. Nxf6+ Bxf6 20. Qxe5 Bxe5 21.
Kb1 Ke7 0-1

[Event "29. Cullera 2012 - Open B"]
[Site "Cullera ESP"]
[Date "2012.08.27"]
[Round "4.4"]
[White "Llamazares Lopez, Marcos"]
[Black "Bas Mas, Miguel"]
[Result "1-0"]
[WhiteElo "2002"]
[BlackElo "1925"]
[PlyCount "89"]
[EventDate "2012.08.25"]
[EventType "swiss"]
[EventRounds "9"]
[EventCountry "ESP"]
[Source "lmi"]
[SourceDate "2012.08.25"]

1. c4 e5 2. Nc3 Nf6 3. e4 d6 4. g3 g6 5. Bg2 Bg7 6. Nge2 O-O 7. O-O c6 8. d4
Qc7 9. d5 Nh5 10. f4 Nd7 11. Be3 a6 12. Rc1 c5 13. f5 gxf5 14. exf5 Nhf6 15. h3
Rb8 16. g4 Ne8 17. Ng3 f6 18. Nh5 b5 19. cxb5 axb5 20. Qe1 b4 21. Ne4 Nb6 22.
Nxg7 Nxg7 23. Nxd6 Qxd6 24. Bxc5 Qd8 25. Bxf8 Qxf8 26. Qh4 Bb7 27. g5 Bxd5 28.
gxf6 Bxg2 29. fxg7 Qxg7 30. f6 Qg6 31. f7+ Kg7 32. f8=Q+ Rxf8 33. Qe7+ Rf7 34.
Qxf7+ Qxf7 35. Rxf7+ Kxf7 36. Kxg2 Na4 37. Rc7+ Kf6 38. Rb7 Nxb2 39. Rxb4 Nd3
40. Rb7 h5 41. a4 e4 42. a5 Ke6 43. a6 Nf4+ 44. Kg3 Ne2+ 45. Kf2 1-0

[Event "29. Cullera 2012 - Open B"]
[Site "Cullera ESP"]
[Date "2012.08.27"]
[Round "4.5"]
[White "Albo Ruiz, Jose Martin"]
[Black "Romero Calduch, Sergio"]
[Result "0-1"]
[WhiteElo "1917"]
[BlackElo "1972"]
[PlyCount "68"]
[EventDate "2012.08.25"]
[EventType "swiss"]
[EventRounds "9"]
[EventCountry "ESP"]
[Source "lmi"]
[SourceDate "2012.08.25"]

1. d4 Nf6 2. c4 g6 3. Nc3 Bg7 4. e4 d6 5. Nf3 Bg4 6. Be2 O-O 7. Be3 Nfd7 8. O-O
Nc6 9. Rc1 e5 10. d5 Bxf3 11. Bxf3 Nd4 12. b4 a5 13. a3 axb4 14. axb4 c5 15.
bxc5 Nxc5 16. Rb1 Qf6 17. Rb6 Ra6 18. Rxa6 bxa6 19. Bxd4 exd4 20. Na4 Nxa4 21.
Qxa4 Qf4 22. Qa3 Be5 23. g3 Qd2 24. Qxa6 Qc3 25. Bg2 d3 26. Qa4 Rc8 27. Rd1 Qc2
28. Qxc2 dxc2 29. Rc1 Rxc4 30. Bf1 Rc3 31. Be2 Bd4 32. Kf1 Bc5 33. Ke1 Bb4 34.
Kf1 Ba3 0-1

[Event "29. Cullera 2012 - Open B"]
[Site "Cullera ESP"]
[Date "2012.08.27"]
[Round "4.6"]
[White "Martinez Hernandez, Javier"]
[Black "Roca Cruz, Rafael"]
[Result "1/2-1/2"]
[WhiteElo "1963"]
[BlackElo "2029"]
[PlyCount "79"]
[EventDate "2012.08.25"]
[EventType "swiss"]
[EventRounds "9"]
[EventCountry "ESP"]
[Source "lmi"]
[SourceDate "2012.08.25"]

1. Nf3 Nf6 2. g3 d5 3. Bg2 g6 4. O-O Bg7 5. d3 O-O 6. Nbd2 c6 7. e4 dxe4 8.
dxe4 Bg4 9. h3 Bxf3 10. Qxf3 e5 11. Nc4 Qc7 12. Bg5 Nfd7 13. Rad1 b5 14. Nd6
Nc5 15. Bf6 Ne6 16. c3 Nd7 17. Be7 Nb6 18. Bxf8 Bxf8 19. Nf5 gxf5 20. exf5 Nd8
21. f6 Nd5 22. Qg4+ Kh8 23. Bxd5 cxd5 24. Rxd5 Qc6 25. Rxe5 Ne6 26. Rd1 Bh6 27.
Red5 Rg8 28. Rd6 Qa8 29. Qf5 Nf4 30. R1d5 Nxd5 31. Qxd5 Qxd5 32. Rxd5 Rb8 33.
f4 Bf8 34. Kg2 h6 35. g4 h5 36. Rd7 Kg8 37. Kf3 Rb6 38. g5 Re6 39. f5 Rd6 40.
Rxa7 1/2-1/2

[Event "29. Cullera 2012 - Open B"]
[Site "Cullera ESP"]
[Date "2012.08.27"]
[Round "4.7"]
[White "Fernandez Seco, Julian"]
[Black "Castillo Pla, Emilio"]
[Result "1-0"]
[WhiteElo "2017"]
[BlackElo "1913"]
[PlyCount "67"]
[EventDate "2012.08.25"]
[EventType "swiss"]
[EventRounds "9"]
[EventCountry "ESP"]
[Source "lmi"]
[SourceDate "2012.08.25"]

1. e4 g6 2. Nc3 Bg7 3. d4 d6 4. Be3 Nf6 5. h3 c6 6. Nf3 O-O 7. Qd2 b5 8. Bd3 b4
9. Ne2 a5 10. O-O Na6 11. Ng3 Qc7 12. Bh6 e5 13. dxe5 dxe5 14. Qg5 Bxh6 15.
Qxh6 Re8 16. Ng5 Be6 17. Rfe1 Nc5 18. Re3 Qe7 19. Rf3 Rad8 20. Bf1 Rd6 21. a3
b3 22. cxb3 Bxb3 23. Rc1 Bd1 24. Rxc5 Bxf3 25. Nxf3 Rb8 26. Rxe5 Re6 27. Rxa5
Nxe4 28. Nxe4 Rxe4 29. Ng5 f5 30. Nxe4 fxe4 31. Bc4+ Kh8 32. Qe3 Re8 33. Ra7
Qe5 34. Qh6 1-0

[Event "29. Cullera 2012 - Open B"]
[Site "Cullera ESP"]
[Date "2012.08.27"]
[Round "4.8"]
[White "Ortega Gadea, Santiago"]
[Black "Santandreu Gregori, David"]
[Result "0-1"]
[WhiteElo "2047"]
[BlackElo "1890"]
[PlyCount "56"]
[EventDate "2012.08.25"]
[EventType "swiss"]
[EventRounds "9"]
[EventCountry "ESP"]
[Source "lmi"]
[SourceDate "2012.08.25"]

1. e4 e6 2. d4 d5 3. exd5 exd5 4. Nf3 Bd6 5. c4 c6 6. Nc3 Nf6 7. Bd3 O-O 8. O-O
h6 9. h3 Be6 10. c5 Bc7 11. Re1 b6 12. Ne2 bxc5 13. dxc5 Ne4 14. Qc2 f5 15. Bf4
Bxf4 16. Nxf4 Bc8 17. Nd4 Qf6 18. Rad1 g5 19. Nfe2 Na6 20. f3 Nb4 21. Qc1 Ng3
22. Nxg3 Qxd4+ 23. Kh1 Nxd3 24. Qd2 Ba6 25. Re3 Nf2+ 26. Kg1 Qxd2 27. Rxd2 f4
28. Ra3 fxg3 0-1

[Event "29. Cullera 2012 - Open B"]
[Site "Cullera ESP"]
[Date "2012.08.28"]
[Round "5.1"]
[White "Alcaraz Carcel, Antonio"]
[Black "Lara Granero, Bio"]
[Result "0-1"]
[WhiteElo "2041"]
[BlackElo "2045"]
[PlyCount "80"]
[EventDate "2012.08.25"]
[EventType "swiss"]
[EventRounds "9"]
[EventCountry "ESP"]
[Source "lmi"]
[SourceDate "2012.08.25"]

1. d4 Nf6 2. Bf4 d6 3. e3 c5 4. c3 Nbd7 5. Nf3 a6 6. Be2 g6 7. h3 Bg7 8. O-O
O-O 9. Nbd2 b6 10. Bh2 Bb7 11. a4 Rc8 12. Rc1 Rc7 13. Qb3 Qa8 14. Rfe1 Ne4 15.
Bf1 h6 16. Nxe4 Bxe4 17. Nd2 Bc6 18. Nc4 Bd5 19. Qa3 Rfc8 20. b3 Kh7 21. Nd2
Nf6 22. c4 Bc6 23. d5 Be8 24. Qa2 b5 25. e4 bxa4 26. bxa4 Nd7 27. f4 Rb7 28.
Rb1 Rcb8 29. e5 Rxb1 30. Nxb1 Rb4 31. Bd3 Qb8 32. Qe2 Rb2 33. Qe4 dxe5 34. fxe5
e6 35. Nc3 Qb4 36. Nd1 Rd2 37. dxe6 Rxd3 38. exd7 Bxd7 39. Nb2 Rd4 40. Qe2 Rd2
0-1

[Event "29. Cullera 2012 - Open B"]
[Site "Cullera ESP"]
[Date "2012.08.28"]
[Round "5.2"]
[White "Gonzalez Berruga, Ana Isabel"]
[Black "Llamazares Lopez, Marcos"]
[Result "1-0"]
[WhiteElo "2003"]
[BlackElo "2002"]
[PlyCount "59"]
[EventDate "2012.08.25"]
[EventType "swiss"]
[EventRounds "9"]
[EventCountry "ESP"]
[Source "lmi"]
[SourceDate "2012.08.25"]

1. d4 d5 2. c4 c6 3. Nf3 e6 4. e3 f5 5. Ne5 Nf6 6. Be2 Bd6 7. Nc3 O-O 8. f4
Nbd7 9. O-O Ne4 10. Nxe4 fxe4 11. Qe1 Nxe5 12. dxe5 Be7 13. Bd2 d4 14. exd4
Qxd4+ 15. Kh1 Qxb2 16. Bc3 Qc2 17. Bd1 Qd3 18. Bb3 Bc5 19. Bb4 Bxb4 20. Qxb4 e3
21. Rae1 Qe4 22. Qe7 g6 23. Qh4 a5 24. Rf3 a4 25. Bd1 Qxc4 26. Rexe3 Qxa2 27.
Rh3 Rf7 28. Qd8+ Kg7 29. Rxh7+ Kxh7 30. Rh3+ 1-0

[Event "29. Cullera 2012 - Open B"]
[Site "Cullera ESP"]
[Date "2012.08.28"]
[Round "5.3"]
[White "Romero Calduch, Sergio"]
[Black "De La Calle Llopis, Juan"]
[Result "1/2-1/2"]
[WhiteElo "1972"]
[BlackElo "2010"]
[PlyCount "58"]
[EventDate "2012.08.25"]
[EventType "swiss"]
[EventRounds "9"]
[EventCountry "ESP"]
[Source "lmi"]
[SourceDate "2012.08.25"]

1. d4 Nf6 2. c4 e6 3. Nc3 Bb4 4. e3 c5 5. Nge2 b6 6. a3 Ba5 7. Qa4 Bxc3+ 8.
Nxc3 O-O 9. Be2 Bb7 10. O-O d6 11. Rd1 Qe7 12. b4 a6 13. Qb3 Ra7 14. a4 Nbd7
15. a5 bxa5 16. bxc5 dxc5 17. Rxa5 Ne4 18. Nxe4 Bxe4 19. f3 Rb8 20. Qa4 Bb7 21.
dxc5 Ne5 22. Rd6 Nc6 23. Bd2 Rd8 24. Bb4 Qe8 25. Bd1 Raa8 26. Qa3 Nxa5 27. Bxa5
Rxd6 28. cxd6 Bc6 29. Bc7 h6 1/2-1/2

[Event "29. Cullera 2012 - Open B"]
[Site "Cullera ESP"]
[Date "2012.08.28"]
[Round "5.4"]
[White "Cabrera Tormo, Federico"]
[Black "Fernandez Seco, Julian"]
[Result "0-1"]
[WhiteElo "1914"]
[BlackElo "2017"]
[PlyCount "106"]
[EventDate "2012.08.25"]
[EventType "swiss"]
[EventRounds "9"]
[EventCountry "ESP"]
[Source "lmi"]
[SourceDate "2012.08.25"]

1. d4 Nf6 2. c4 g6 3. Nc3 Bg7 4. e4 d6 5. Nf3 O-O 6. Be2 Nc6 7. O-O e5 8. dxe5
dxe5 9. Qxd8 Rxd8 10. Bg5 Re8 11. Nd5 Nxd5 12. cxd5 Nb8 13. Nd2 c6 14. Bc4 cxd5
15. Bxd5 Nc6 16. Nc4 Be6 17. Nd6 Reb8 18. Nb5 Rc8 19. Nd6 Rc7 20. Rac1 Rb8 21.
Rfd1 h6 22. Be3 a6 23. b3 Rd7 24. Bxc6 bxc6 25. Rxc6 Ra8 26. Rdc1 Rad8 27. Bc5
Bf8 28. Rd1 a5 29. Rd2 a4 30. bxa4 Ra8 31. f3 Rxa4 32. a3 h5 33. Bb4 Bh6 34.
Rd3 Kh7 35. Kf2 Bf4 36. g3 Bh6 37. Ke2 Ra8 38. Kd1 g5 39. Kc2 g4 40. Kc3 Bf8
41. f4 exf4 42. gxf4 Bg7+ 43. Kc2 Rda7 44. f5 Bd7 45. Rc4 Ba4+ 46. Kd2 Be5 47.
h3 g3 48. Ke2 Bxd6 49. Bxd6 Bb5 50. Rdc3 Rc8 51. Kd3 g2 52. Bh2 Rxc4 53. Rxc4
Rxa3+ 0-1

[Event "29. Cullera 2012 - Open B"]
[Site "Cullera ESP"]
[Date "2012.08.28"]
[Round "5.5"]
[White "Basilio Rodriguez, Jose Manuel"]
[Black "Del Arco Gimeno, Juan"]
[Result "1-0"]
[WhiteElo "2002"]
[BlackElo "1952"]
[PlyCount "111"]
[EventDate "2012.08.25"]
[EventType "swiss"]
[EventRounds "9"]
[EventCountry "ESP"]
[Source "lmi"]
[SourceDate "2012.08.25"]

1. Nf3 Nf6 2. c4 c5 3. Nc3 d6 4. g3 g6 5. Bg2 Bg7 6. O-O Nc6 7. d4 cxd4 8. Nxd4
Nxd4 9. Qxd4 O-O 10. Qd3 a6 11. Rb1 Rb8 12. Rd1 Qc7 13. Bg5 Bf5 14. e4 Be6 15.
b3 Rfc8 16. a4 Qa5 17. Bd2 Qd8 18. h3 Nd7 19. Nd5 Bxd5 20. exd5 Ne5 21. Qe2 b5
22. axb5 axb5 23. cxb5 Qb6 24. Bf1 Qb7 25. Be3 Nd7 26. Bd4 Bxd4 27. Rxd4 Nf6
28. Qd2 Kg7 29. Bc4 Qd7 30. Kg2 h5 31. Qb2 Qb7 32. Kh2 Qd7 33. Ra1 Rb7 34. Rdd1
Qf5 35. Qd4 Kh7 36. Qf4 Qxf4 37. gxf4 Ne4 38. Rd3 Nxf2 39. Re3 f5 40. b6 Ne4
41. Ra7 Rxa7 42. bxa7 Ra8 43. Bd3 Rxa7 44. Bxe4 fxe4 45. Rxe4 Kg7 46. Kg3 Ra5
47. Rxe7+ Kf8 48. Re6 Rxd5 49. Rxg6 Kf7 50. Rh6 Kg7 51. Re6 Kf7 52. Re3 Rd4 53.
Rf3 Kf6 54. Kf2 Kf5 55. Ke3 Rb4 56. Ke2 1-0

[Event "29. Cullera 2012 - Open B"]
[Site "Cullera ESP"]
[Date "2012.08.28"]
[Round "5.6"]
[White "Santandreu Gregori, David"]
[Black "Monera Puente, Cesar"]
[Result "1/2-1/2"]
[WhiteElo "1890"]
[BlackElo "1989"]
[PlyCount "67"]
[EventDate "2012.08.25"]
[EventType "swiss"]
[EventRounds "9"]
[EventCountry "ESP"]
[Source "lmi"]
[SourceDate "2012.08.25"]

1. d4 f5 2. c4 Nf6 3. g3 e6 4. Bg2 Be7 5. Nf3 c6 6. Nc3 d5 7. O-O O-O 8. Bf4
Qe8 9. c5 Qh5 10. e3 Nbd7 11. Ne5 Qxd1 12. Rfxd1 Nxe5 13. Bxe5 Ng4 14. Bc7 Bd7
15. h3 Nf6 16. b4 Ne4 17. Bxe4 fxe4 18. h4 Rf7 19. Ne2 Raf8 20. Nf4 Bc8 21. Be5
Bd7 22. Rd2 Ra8 23. Rb2 Re8 24. a4 a6 25. b5 cxb5 26. axb5 Bxb5 27. Nxe6 Bc6
28. Nc7 Rc8 29. Ne6 Re8 30. Nf4 Bxc5 31. dxc5 Rxe5 32. Ne2 Re8 33. Nd4 Rc8 34.
Rb6 1/2-1/2

[Event "29. Cullera 2012 - Open B"]
[Site "Cullera ESP"]
[Date "2012.08.28"]
[Round "5.7"]
[White "Martinez Gil, Joaquin"]
[Black "Goria Egidazu, Jon Axel"]
[Result "1/2-1/2"]
[WhiteElo "1989"]
[BlackElo "1908"]
[PlyCount "39"]
[EventDate "2012.08.25"]
[EventType "swiss"]
[EventRounds "9"]
[EventCountry "ESP"]
[Source "lmi"]
[SourceDate "2012.08.25"]

1. e4 e5 2. d4 exd4 3. c3 d5 4. exd5 Qxd5 5. cxd4 Nc6 6. Nf3 Bg4 7. Be2 Nf6 8.
O-O O-O-O 9. Nc3 Qd7 10. Be3 Nd5 11. Nxd5 Qxd5 12. Qa4 Qa5 13. Qc2 Bxf3 14.
Bxf3 Nxd4 15. Bxd4 Rxd4 16. Qb3 c6 17. Qxf7 Qc7 18. Qf5+ Kb8 19. Rad1 g6 20.
Qc2 1/2-1/2

[Event "29. Cullera 2012 - Open B"]
[Site "Cullera ESP"]
[Date "2012.08.28"]
[Round "5.8"]
[White "Perez Garcia, Jose Miguel"]
[Black "Davidovas Chananovas, Norman"]
[Result "1-0"]
[WhiteElo "1967"]
[BlackElo "1838"]
[PlyCount "97"]
[EventDate "2012.08.25"]
[EventType "swiss"]
[EventRounds "9"]
[EventCountry "ESP"]
[Source "lmi"]
[SourceDate "2012.08.25"]

1. d4 Nf6 2. Nf3 g6 3. c4 Bg7 4. Nc3 O-O 5. e4 d6 6. Be2 c5 7. O-O Bg4 8. Be3
Bxf3 9. Bxf3 cxd4 10. Bxd4 Nc6 11. Be3 Ne5 12. Be2 a6 13. f4 Ned7 14. Qd2 Nc5
15. Bf3 Qc8 16. e5 Ng4 17. Nd5 Re8 18. Nb6 Qf5 19. Nxa8 Nxe3 20. Qxe3 Rxa8 21.
b4 Ne6 22. Be4 Qh5 23. Bxb7 Rf8 24. Bf3 Qf5 25. Be4 Qh5 26. Bd5 Nxf4 27. Qxf4
Bxe5 28. g4 Qh4 29. Qf2 Qxg4+ 30. Kh1 e6 31. Bf3 Qxc4 32. Rab1 Qf4 33. Bb7 Qh6
34. Bxa6 f5 35. Bc4 d5 36. Bd3 Bb8 37. Qg2 f4 38. h3 Kh8 39. Rbe1 e5 40. Rf3
Re8 41. Qg4 e4 42. Qd7 Rf8 43. Bxe4 Qh4 44. Re2 Rd8 45. Qg4 Qe7 46. Bd3 Qxb4
47. Bxg6 Rg8 48. Qf5 hxg6 49. Qf6+ 1-0

[Event "29. Cullera 2012 - Open B"]
[Site "Cullera ESP"]
[Date "2012.08.28"]
[Round "5.9"]
[White "Fuset Torralba, Jose Luis"]
[Black "Martinez Hernandez, Javier"]
[Result "0-1"]
[WhiteElo "1801"]
[BlackElo "1963"]
[PlyCount "104"]
[EventDate "2012.08.25"]
[EventType "swiss"]
[EventRounds "9"]
[EventCountry "ESP"]
[Source "lmi"]
[SourceDate "2012.08.25"]

1. c4 g6 2. g3 Bg7 3. Bg2 Nf6 4. Nc3 O-O 5. e4 d6 6. Nge2 e5 7. O-O c5 8. d3
Nc6 9. Bg5 h6 10. Bxf6 Bxf6 11. Nd5 Be6 12. Nec3 Bg7 13. Ne3 Qd7 14. g4 Nd4 15.
a4 Kh8 16. Rb1 Rg8 17. Kh1 Bf6 18. h3 Bg5 19. Ned5 Bxd5 20. Nxd5 Ne6 21. b3 Rg7
22. Rb2 Rh7 23. Bf3 Rg8 24. Kg2 Qd8 25. Rh1 Bf4 26. Kf1 Rf8 27. Kg2 f6 28. Rb1
a6 29. Kf1 g5 30. Ne3 Bxe3 31. fxe3 b5 32. axb5 axb5 33. Ra1 Qb6 34. Rh2 Ra7
35. Rha2 Rfa8 36. Qc2 b4 37. Bd1 Ra3 38. Qb2 Qa5 39. Rxa3 bxa3 40. Qf2 Kg7 41.
Qe1 Qb4 42. Qxb4 cxb4 43. Ke1 Nc5 44. Kd2 a2 45. Bc2 Ra3 46. d4 exd4 47. exd4
Ne6 48. Kc1 Nxd4 49. Kb2 Nxc2 50. Kxc2 Kf7 51. Kd3 Rxb3+ 52. Kd4 Ra3 0-1

[Event "29. Cullera 2012 - Open B"]
[Site "Cullera ESP"]
[Date "2012.08.28"]
[Round "5.11"]
[White "Oltra Landete, Fidel"]
[Black "Pelegri Castello, Elias"]
[Result "1-0"]
[WhiteElo "2027"]
[BlackElo "1848"]
[PlyCount "51"]
[EventDate "2012.08.25"]
[EventType "swiss"]
[EventRounds "9"]
[EventCountry "ESP"]
[Source "lmi"]
[SourceDate "2012.08.25"]

1. e4 e6 2. d4 d5 3. Nd2 Nf6 4. e5 Nfd7 5. c3 c5 6. f4 Nc6 7. Ndf3 cxd4 8. cxd4
f6 9. Bd3 fxe5 10. fxe5 Be7 11. Ng5 Bb4+ 12. Kf1 O-O+ 13. N1f3 Ndxe5 14. Bxh7+
Kh8 15. dxe5 Nxe5 16. Qd4 Nf7 17. Qxb4 Nxg5 18. Bxg5 Rxf3+ 19. gxf3 Qxg5 20.
Rg1 Qf6 21. Be4 dxe4 22. Qxe4 Qxb2 23. Qh4+ Kg8 24. Rd1 Qb5+ 25. Ke1 Bd7 26.
Qd4 1-0

[Event "29. Cullera 2012 - Open B"]
[Site "Cullera ESP"]
[Date "2012.08.29"]
[Round "6.1"]
[White "Lara Granero, Bio"]
[Black "Gonzalez Berruga, Ana Isabel"]
[Result "1/2-1/2"]
[WhiteElo "2045"]
[BlackElo "2003"]
[PlyCount "27"]
[EventDate "2012.08.25"]
[EventType "swiss"]
[EventRounds "9"]
[EventCountry "ESP"]
[Source "lmi"]
[SourceDate "2012.08.25"]

1. d4 Nf6 2. c4 g6 3. Nc3 Bg7 4. e4 d6 5. f4 O-O 6. Nf3 c5 7. dxc5 Qa5 8. Bd2
Qxc5 9. b4 Qxb4 10. Na4 Qa3 11. Bc1 Qb4+ 12. Bd2 Qa3 13. Bc1 Qb4+ 14. Bd2
1/2-1/2